Biggest German Cities A-Z - Statistics

General Stats
  • This quiz has been taken 114 times
  • The average score is 16 of 25
Answer Stats
Letter Population City % Correct
B 3,596,999 Berlin
100%
H 1,808,846 Hamburg
99%
M 1,478,638 Munich
99%
F 743,268 Frankfurt am Main
98%
C 1,017,355 Cologne
96%
L 598,899 Leipzig
90%
E 571,039 Essen
89%
N 522,554 Nuremberg
88%
D 598,246 Dortmund
86%
S 610,458 Stuttgart
85%
A 294,647 Augsburg
70%
U 127,116 Ulm
61%
J 110,369 Jena
59%
I 136,468 Ingolstadt
56%
W 356,768 Wuppertal
56%
K 305,408 Karlsruhe
55%
P 182,806 Potsdam
53%
G 264,130 Gelsenkirchen
49%
R 203,470 Rostock
46%
T 102,727 Trier
37%
O 212,127 Oberhausen
32%
X 10,820 Xanten
31%
Z 87,020 Zwickau
31%
Q 18,190 Quedlinburg
25%
V 87,478 Villingen-Schwenningen
15%
No matching quizzes found
Score Distribution
Percent of People with Each Score
Percentile by Number Answered
Your Score History
You have not taken this quiz